A corporate social responsibility hatása a különböző vállalati szektorokra és fogyasztóikra
| Szerző: | |
|---|---|
| További közreműködők: | |
| Dokumentumtípus: | Diplomadolgozat |
| Kulcsszavak: | Marketing CSR |
| Online Access: | http://dolgozattar.uni-bge.hu/13897 |
MARC
| LEADER | 00000nta a2200000 i 4500 | ||
|---|---|---|---|
| 001 | dolg13897 | ||
| 005 | 20180306133848.0 | ||
| 008 | 171211suuuu hu om 000 hun d | ||
| 040 | |a BGE Dolgozattár Repozitórium |b hun | ||
| 041 | |a hu | ||
| 100 | 1 | |a Zörényi Bence | |
| 245 | 1 | 2 | |a A corporate social responsibility hatása a különböző vállalati szektorokra és fogyasztóikra |c Zörényi Bence |h [elektronikus dokumentum] |
| 695 | |a Marketing | ||
| 695 | |a CSR | ||
| 700 | 1 | |a Szabó Dr. habil Zoltán |e ths | |
| 856 | 4 | 0 | |u http://dolgozattar.uni-bge.hu/13897/1/CSR%20v%C3%A9gleges.pdf |z Dokumentum-elérés |